Statistics for Countries that border the G20

Click here to take the quiz!

General Stats

  • This quiz has been taken 29 times
  • The average score is 53 of 67

Answer Stats

Answer% Correct
Bolivia
92%
Chile
92%
Iraq
92%
Andorra
88%
Azerbaijan
88%
Bhutan
88%
Denmark
88%
Finland
88%
Guatemala
88%
Guyana
88%
Iran
88%
Latvia
88%
North Korea
88%
Pakistan
88%
Switzerland
88%
Vietnam
88%
Armenia
85%
Belize
85%
Botswana
85%
Estonia
85%
Kuwait
85%
Laos
85%
Lithuania
85%
Oman
85%
Poland
85%
Qatar
85%
Suriname
85%
Syria
85%
Ukraine
85%
Yemen
85%
Zimbabwe
85%
Austria
81%
Belarus
81%
Belgium
81%
Czechia
81%
Georgia
81%
Ireland
81%
Kazakhstan
81%
Lesotho
81%
Monaco
81%
Mongolia
81%
Mozambique
81%
Myanmar
81%
Nepal
81%
Norway
81%
Paraguay
81%
Tajikistan
81%
Uruguay
81%
Bangladesh
77%
Luxembourg
77%
Namibia
77%
Netherlands
77%
Slovenia
77%
Afghanistan
73%
Spain
73%
United Arab Emirates
73%
Vatican City
73%
Venezuela
73%
Malaysia
69%
San Marino
69%
Swaziland
69%
Timor Leste
54%
Papua New Guinea
50%
Sri lanka
46%
Cyprus
35%
Kyrgystan
31%
Columbia
23%

Score Distribution

Percentile by Number Answered

Percent of People with Each Score

Your Score History

You have not taken this quiz